Famous Kid's Books by First Line Quiz Stats

 Plays Quiz not verified by Sporcle

Score 0/11 Timer 08:00
0 Plays Today
First Line Book % Correct
Once there were four children whose names were Peter, Susan, Edmund, and Lucy.The Lion, the Witch, and the Wardrobe
90.9%
There was once a velveteen rabbit, and in the beginning he was really splendid.The Velveteen Rabbit
81.2%
When I wake up, the other side of the bed is cold.The Hunger Games
59.7%
'I am NOT a pest,' Ramona Quimby told her big sister Beezus.Ramona the Pest
54.5%
When I look back, my first memories are of a large rolling meadow with a small pond.Black Beauty
50.6%
Once upon a time there were four little Rabbits, and their names were - Flopsy, Mopsy, Cotton-tail, and Peter.The Tale of Peter Rabbit
44.8%
One warm night four children stood in front of a bakery.The Boxcar Children
43.5%
Ba-room, ba-room, ba-room, baripity, baripity, baripity, baripity-Good.Bridge to Terabithia
25.3%
The time has come.Marvin K. Mooney
7.8%
My name is Maxi, I ride in a taxi, around New York City all day.The Adventures of Taxi Dog
3.2%
In the town of Craw Bucket, Missouri lived an athletically minded young boy named Evander.A Hero Named Evander
2.6%

You're not logged in!

Compare scores with friends on all Sporcle quizzes.
OR
Log In

Show Comments

Extras

Top Quizzes Today


Score Distribution

Your Account Isn't Verified!

In order to create a playlist on Sporcle, you need to verify the email address you used during registration. Go to your Sporcle Settings to finish the process.

Report this User

Report this user for behavior that violates our Community Guidelines.

Details: